Personnages du film - Batman The Dark Knight 2008 - DC Comics - Statistiques

Statistiques générales
  • Ce quiz a été pris 70 fois
  • Le résultat moyen est 8 sur 19
Statistiques - réponses
Par images Réponse % Correct
Joker
100%
Bruce Wayne / Batman
98%
Alfred Pennyworth
97%
Harvey Dent / Double Face
97%
James Gordon
95%
Lucius Fox
81%
Jonathan Crane / l'epouvantail
69%
Rachel Dawes
63%
Salvatore Maroni
31%
Barbara Gordon
18%
Anna Ramirez
15%
Gillian Loeb
15%
Lau
10%
Coleman Reese
8%
Michael Wuertz
5%
Mike Engel
5%
Natascha Patrenko
5%
Janet Surillo
3%
Gerard Stephens
2%
Aucun quiz correspondant
Distribution des résultats
% des personnes avec chaque résultat
Percentile par nombre de réponses
Votre historique - résultats
Vous n’avez pas pris ce quiz